Estudio comparativo entre el cultivo de soja genéticamente modificada y el convencional en Argentina, Brasil, Paraguay y Uruguay /

Guardado en:
Autores Corporativos: Instituto Interamericano de Cooperación para la Agricultura., Argentina. Ministerio de Agricultura, Ganadería y Pesca.
Formato: Libro
Idioma:Spanish
Publicado: San José, Costa Rica : IICA : Ministerio de Agricultura, Ganadería y Pesca de Argentina, 2012.
Acceso en línea:Acceso a texto completo
Etiquetas: Agregar Etiqueta
Sin Etiquetas, Sea el primero en etiquetar este registro!
LEADER 00906nam a22001695a 4500
001 EEA.libagro009276
008 131204s2012####cr#a##########000#0#spa#d
005 20200903184951.0
245 1 0 |a Estudio comparativo entre el cultivo de soja genéticamente modificada y el convencional en Argentina, Brasil, Paraguay y Uruguay /  |c coordinadores técnicos: Pedro Jesús Rocha, Víctor Manuel Villalobos. 
260 |a San José, Costa Rica :  |b IICA :  |b Ministerio de Agricultura, Ganadería y Pesca de Argentina,  |c 2012. 
300 |a xiv, 90 p. :  |b il. ;  |c 16 cm. 
530 |a Disponible también en línea. 
020 |a 9789292484156 
710 2 |a Instituto Interamericano de Cooperación para la Agricultura. 
710 2 |a Argentina.  |b Ministerio de Agricultura, Ganadería y Pesca. 
856 4 1 |3 Acceso a texto completo  |u http://orton.catie.ac.cr/repdoc/A7623E/A7623E.PDF 
859 |a AR-BbBCA  |b BIB. AGRONOMIA  |h 633.34  |i R672  |p 2013/6314